• 首页
  • 本馆介绍
  • 公告通知
  • 最新文献
  • 馆藏检索
  • 电子资源
  • 读者导购
  • 参考咨询
  • 我的图书馆
  • 登录
  • 详细信息显示
  • 放入我的书架
  • 预约/预借图书
  • 作者相关作品
  • 分类相关作品
  • 丛书相关作品
  • 出版社相关作品

书目信息

  • 表格格式
  • 工作单格式
  • 卡片格式
题名:
非线性波动方程适定性新进展
    
 
作者: 韩伟 著
分册:  
出版信息: 北京   科学出版社  2017.2
页数: 138页
开本: 24cm
丛书名: 博士后文库
单 册:
中图分类: O175.27
科图分类:
主题词: 非线性方程--波动方程--研究
电子资源:
ISBN: 978-7-03-051697-8
000 00981nam 2200277 450
001 0400001923
005 20171019194017.0
010    @a978-7-03-051697-8@dCNY58.00
100    @a20170427e2017 em y0chiy50 ea
101 0  @achi
102    @aCN@b110000
105    @ay az 000yy
106    @ar
200 1  @a非线性波动方程适定性新进展@9fei xian xing bo dong fang cheng shi ding xing xin jin zhan@f韩伟著
210    @a北京@c科学出版社@d2017.2
215    @a138页@d24cm
225 1  @a博士后文库
307    @a实际页数为:139
320    @a有书目(第131-138页)
330    @a本书共分八章,其研究主题是非线性波动方程适定性理论新进展,系作者博士论文和博士后论文的主要内容,其中涉及到了数学分析的一些基本理论,尤其是常微分方程与泛函分析,偏微分方程Sobolev嵌入定理以及调和分析等理论。
461  0 @12001 @a博士后文库
606 0  @a非线性方程@x波动方程@x研究
690    @aO175.27@v5
701  0 @a韩伟@9han wei@4著
801  0 @aCN@b91MARC@c20171019
905    @b1025976-80@dO175.27@f5@e143
    
    非线性波动方程适定性新进展/韩伟著.-北京:科学出版社,2017.2
    138页;24cm.-(博士后文库)
    
    
    ISBN 978-7-03-051697-8:CNY58.00
    本书共分八章,其研究主题是非线性波动方程适定性理论新进展,系作者博士论文和博士后论文的主要内容,其中涉及到了数学分析的一些基本理论,尤其是常微分方程与泛函分析,偏微分方程Sobolev嵌入定理以及调和分析等理论。
●
相关链接 在E读中查询图书 在五车中查询图书 在当当中查询图书 在豆瓣中查询图书


正题名:非线性波动方程适定性新进展     索取号:O175.27/143         预约/预借

序号 登录号 条形码 馆藏地/架位号 状态 备注
1 1025976   210259762   第二样本阅览室/ [索取号:O175.27/143] 在馆    
2 1025977   210259771   密集书库-数信学院/ [索取号:O175.27/143] 在馆    
3 1025978   210259780   第三借阅区/ [索取号:O175.27/143] 在馆    
4 1025979   210259799   第三借阅区/ [索取号:O175.27/143] 在馆    
5 1025980   210259806   第三借阅区/ [索取号:O175.27/143] 在馆    
唐山师范学院图书馆 欢迎您!
大连网信软件有限公司© 版权所有